000 00847cab a22002055a 4500
001 E154188
008 111025e20111021xxk 000 0 eng u
035 _a(Sirsi) u154188
041 0 _aeng
110 2 _aBank of Scotland
_95792
245 0 0 _aMillion pound home sales hit three year high
_h[electronic resource]
260 _c2011
490 _aBank of Scotland Press Release
_v21 October 2011
520 _aIn the first half of 2011, there were 60 property sales worth £1m or more in Scotland, the largest number since 2008.
590 _aKA
651 4 _aScotland
_y1999-
690 _aPROPERTY-RESIDENTIAL PROPERTY-RESIDENTIAL PROPERTY MARKET
856 4 0 _uhttps://www.lloydsbankinggroup.com/media/pdfs/bos/2011/22_10_11_Million_Pound_Sales_Scotland.pdf
_zView the news release free of charge at www.lloydsbankinggroup.com
942 _n0
999 _c83522
_d83522